|
|
|
|
| LEADER |
00733nta a2200169 i 4500 |
| 001 |
dipl50494 |
| 005 |
20150415092508.0 |
| 008 |
150411s2012 hu om 0|| zxx d |
| 040 |
|
|
|a SZTE Diploma Repozitórium
|b hun
|
| 041 |
|
|
|a zxx
|
| 100 |
1 |
|
|a Mucsi Dénes
|
| 245 |
1 |
0 |
|a Hódmezővásárhely beépítettség változásának vizsgálata távérzékeléses módszerekkel
|h [elektronikus dokumentum] /
|c Dénes Mucsi
|
| 246 |
1 |
0 |
|a Land cover change analysis in Hódmezővásárhely with remote sensing techniques
|h [elektronikus dokumentum]
|
| 260 |
|
|
|c 2012
|
| 650 |
|
4 |
|a Természettudományok
|
| 700 |
1 |
|
|a Mucsi László
|e ths
|
| 856 |
4 |
0 |
|u http://diploma.bibl.u-szeged.hu/id/eprint/50494/1/2012_Mucsi_D%C3%A9nes_MUDRAAT_SZE_SZ.pdf
|z Dokumentum-elérés
|